| 000 | 01099nam a2200229Ia 4500 | ||
|---|---|---|---|
| 003 | Ost | ||
| 005 | 20260507075437.0 | ||
| 008 | 260507s9999||||xx |||||||||||||| ||und|| | ||
| 040 | _cfsecg | ||
| 041 | _aara | ||
| 082 | _a659.2 | ||
| 100 |
_aيونس، طارق شريف _eمؤلف |
||
| 245 | 0 |
_aإدارة العلاقات العامة : _bمفاهيم ومبادئ وسياسات مع اشارة للمعطى العربي والاسلامي / _c طارق شريف يونس |
|
| 260 |
_aعمان: _bدار اثراء, _c2008 |
||
| 300 |
_a303 صفحة؛ _bإيضاحات ؛ _c25 سم |
||
| 504 | _aببليوغرافيا: ص.286-302 | ||
| 520 | _aالادارة العربية الاسلامية، الخصائص والمفاهيم والاسهامات والممارسات، العلاقات الدولية بين الوحدات الحضارية، العلاقات العامة والاعلام، ادارتها وسياقها واداءاتها | ||
| 653 | _aالادارة | ||
| 653 | _aالعلاقات الخارجية | ||
| 653 | _aالعلاقات العامة | ||
| 942 | _cكتاب | ||
| 999 |
_c44549 _d44549 |
||